[Event "Varginha Mineiro-ch"]
[Site "Varginha"]
[Date "2019.11.16"]
[Round "4"]
[White "Santos, Raul De Assis"]
[Black "De Amorim, Walter Rymundo"]
[Result "1-0"]
[WhiteElo "1232"]
[BlackElo "1488"]
[PlyCount "63"]
[EventDate "2019.11.14"]
[EventType "swiss"]
[EventRounds "7"]
[EventCountry "BRA"]
[SourceTitle "CBM 193 Extra"]
[Source "ChessBase"]
[SourceDate "2020.01.31"]
[SourceVersion "1"]
[SourceVersionDate "2020.01.31"]
[SourceQuality "1"]

1. c4 e5 2. Nc3 Nc6 3. g3 f5 4. Bg2 Nf6 5. d3 Be7 6. e4 d6 7. Nge2 fxe4 8. dxe4 0-0 9. 0-0 Be6 10. Nd5 Nb8 11. b3 c6 12. Ne3 Qd7 13. Nc3 Na6 14. Ba3 Rad8 15. Qc2 g6 16. Rad1 Bh3 17. Rd2 Bxg2 18. Kxg2 b6 19. Rfd1 Ne8 20. h4 Qe6 21. Rh1 Qf6 22. Qd1 Nac7 23. Ng4 Qg7 24. h5 g5 25. h6 Qg6 26. Nxe5 Qf6 27. Nxc6 Qxc3 28. Nxe7+ Kf7 29. Bb2 Qa5 30. Nc6 Qxa2 31. Nxd8+ Kg8 32. Bg7 1-0

[Event "Varginha Mineiro-ch"]
[Site "Varginha"]
[Date "2019.11.14"]
[Round "1"]
[White "Resende, Carlos Alberto Fig"]
[Black "De Amorim, Walter Rymundo"]
[Result "1-0"]
[WhiteElo "1979"]
[BlackElo "1488"]
[PlyCount "75"]
[EventDate "2019.11.14"]
[EventType "swiss"]
[EventRounds "7"]
[EventCountry "BRA"]
[SourceTitle "CBM 193 Extra"]
[Source "ChessBase"]
[SourceDate "2020.01.31"]
[SourceVersion "1"]
[SourceVersionDate "2020.01.31"]
[SourceQuality "1"]

1. e4 c5 2. Nf3 d6 3. d4 cxd4 4. Nxd4 Nf6 5. Nc3 g6 6. f3 Bg7 7. Be3 Nc6 8. Qd2 Bd7 9. 0-0-0 h5 10. Be2 a6 11. Rdg1 b5 12. Nd5 Nxd5 13. exd5 Ne5 14. h3 Rc8 15. Kb1 Qc7 16. b3 f5 17. f4 Nf7 18. c4 bxc4 19. Bxc4 Qb7 20. Qd3 Rxc4 21. Qxc4 0-0 22. Nc6 Bf6 23. Rc1 Rc8 24. Bd4 Kg7 25. Bxf6+ exf6 26. Rhe1 a5 27. Rc2 a4 28. Qxa4 Ra8 29. Qd4 Qa6 30. Qc4 Qb7 31. Re7 Rc8 32. Qe2 Kf8 33. Rxf7+ Kxf7 34. Qe7+ Kg8 35. Qxf6 Rxc6 36. Qxg6+ Kf8 37. dxc6 Bxc6 38. Qxd6+ 1-0

[Event "Muriae op 4th"]
[Site "Muriae"]
[Date "2017.03.26"]
[Round "5"]
[White "Mendes Domingues, Ribeiro Matheus"]
[Black "De Amorim, Walter Rymundo"]
[Result "0-1"]
[WhiteElo "1801"]
[BlackElo "1414"]
[PlyCount "96"]
[EventDate "2017.03.25"]
[EventType "swiss"]
[EventRounds "5"]
[EventCountry "BRA"]
[SourceTitle "CBM 177 Extra"]
[Source "ChessBase"]
[SourceDate "2017.04.27"]
[SourceVersion "1"]
[SourceVersionDate "2017.04.27"]
[SourceQuality "1"]

1. e4 c5 2. Nf3 Nc6 3. Nc3 d6 4. Bb5 Bd7 5. 0-0 Nf6 6. Re1 Qc7 7. d4 cxd4 8. Nxd4 a6 9. Nxc6 bxc6 10. Bc4 e5 11. Bg5 Be7 12. Qe2 0-0 13. Rad1 h6 14. Bxf6 Bxf6 15. Qd3 Be7 16. Na4 Bg4 17. f3 Bh5 18. Nc3 Bg6 19. Ne2 Kh8 20. Ng3 Rfd8 21. Nf5 Bxf5 22. exf5 Bf6 23. Bb3 a5 24. Ba4 d5 25. b3 Rab8 26. Qc3 Rd6 27. Re2 Rb4 28. Red2 Qb6+ 29. Rf2 e4 30. Qe1 Bd4 31. c3 Bxf2+ 32. Qxf2 e3 33. Qe2 Rf4 34. g4 Qc5 35. Rd3 d4 36. c4 Qa3 37. Kg2 Qc5 38. h3 h5 39. Qe1 Rh6 40. Qg3 Qe5 41. g5 Rd6 42. c5 Rd5 43. Bxc6 Rxc5 44. Be4 Rc2+ 45. Kf1 h4 46. Qe1 Rxe4 47. g6 Qh2 48. Qxh4+ Rxh4 0-1

[Event "Muriae op 4th"]
[Site "Muriae"]
[Date "2017.03.25"]
[Round "3"]
[White "De Sousa E Silva, Luis Gonzaga"]
[Black "De Amorim, Walter Rymundo"]
[Result "0-1"]
[WhiteElo "1395"]
[BlackElo "1414"]
[PlyCount "84"]
[EventDate "2017.03.25"]
[EventType "swiss"]
[EventRounds "5"]
[EventCountry "BRA"]
[SourceTitle "CBM 177 Extra"]
[Source "ChessBase"]
[SourceDate "2017.04.27"]
[SourceVersion "1"]
[SourceVersionDate "2017.04.27"]
[SourceQuality "1"]

1. Nf3 e6 2. g3 d5 3. Bg2 Nf6 4. d3 c6 5. 0-0 Be7 6. Nbd2 0-0 7. e4 Nbd7 8. e5 Ne8 9. d4 c5 10. c3 f5 11. h3 b6 12. Nh2 Bb7 13. Nc4 Rb8 14. Ne3 Ba6 15. Re1 b5 16. a3 Rc8 17. f4 Qb6 18. Nf3 Qd8 19. h4 g6 20. Ng5 Ng7 21. Bf3 h6 22. Nxd5 hxg5 23. Nxe7+ Qxe7 24. hxg5 Nb6 25. Kg2 Bb7 26. Rh1 Kf7 27. Rh2 cxd4 28. cxd4 Bxf3+ 29. Kxf3 Qb7+ 30. Kf2 Rh8 31. Rh6 Qe4 32. b3 Rc2+ 33. Bd2 Qxd4+ 34. Ke1 Qe4+ 35. Kf1 Rd8 36. Rh2 Nd5 37. Rc1 Ne3+ 38. Bxe3 Rxd1+ 39. Rxd1 Rxh2 40. Rd7+ Ke8 41. Re7+ Kxe7 42. Bc5+ Kd7 0-1